Making rounds with Oscar : (Record no. 610)

MARC details
000 -LEADER
fixed length control field 01232cam a2200277 a 4500
003 - CONTROL NUMBER IDENTIFIER
control field data
005 - DATE AND TIME OF LATEST TRANSACTION
control field 20260322212027.0
008 - FIXED-LENGTH DATA ELEMENTS--GENERAL INFORMATION
fixed length control field data
010 ## - LIBRARY OF CONGRESS CONTROL NUMBER
LC control number 2009028954
020 ## - INTERNATIONAL STANDARD BOOK NUMBER
International Standard Book Number 9781401323233
020 ## - INTERNATIONAL STANDARD BOOK NUMBER
International Standard Book Number 1401323235
040 ## - CATALOGING SOURCE
Original cataloging agency DLC
Transcribing agency DLC
Modifying agency OTC
-- YDXCP
-- OTC
043 ## - GEOGRAPHIC AREA CODE
Geographic area code n-us-ri
050 00 - LIBRARY OF CONGRESS CALL NUMBER
Classification number RA1000
Item number .D67 2010
082 00 - DEWEY DECIMAL CLASSIFICATION NUMBER
Classification number 362.17/56
Edition information 22
092 ## - LOCALLY ASSIGNED DEWEY CALL NUMBER (OCLC)
Classification number 362.17 D67 2010
001 - CONTROL NUMBER
control field data
100 1# - MAIN ENTRY--PERSONAL NAME
Personal name Dosa, David.
245 10 - TITLE STATEMENT
Title Making rounds with Oscar :
Remainder of title the extraordinary gift of an ordinary cat /
Statement of responsibility, etc. David Dosa.
250 ## - EDITION STATEMENT
Edition statement 1st ed.
260 ## - PUBLICATION, DISTRIBUTION, ETC.
Place of publication, distribution, etc. New York :
Name of publisher, distributor, etc. Hyperion,
Date of publication, distribution, etc. c2010.
300 ## - PHYSICAL DESCRIPTION
Extent vi, 225 p. ;
Dimensions 22 cm.
520 ## - SUMMARY, ETC.
Summary, etc. When Oscar arrived at the Steere House Nursing and Rehabilitation Center in Rhode Island he was a cute little cat with attitude. He loved to stretch out in a puddle of sunlight and chase his tail until he was dizzy. Occasionally he consented to a scratch behind the ears, but only when it suited him. In other words, he was a typical cat. Or so it seemed. It wasn't long before Oscar had created something of a stir. Apparently, this ordinary cat possesses an extraordinary gift: he knows instinctively when the end of life is near.
650 #0 - SUBJECT ADDED ENTRY--TOPICAL TERM
Topical term or geographic name entry element Hospice care.
650 #0 - SUBJECT ADDED ENTRY--TOPICAL TERM
Topical term or geographic name entry element Cats
General subdivision Therapeutic use.
Holdings
Withdrawn status Lost status Damaged status Not for loan Home library Current library Shelving location Date acquired Total checkouts Full call number Barcode Date last seen Price effective from Koha item type
        Riverside Riverside General stacks 22/03/2026   362.17/56 22 BC0010626 22/03/2026 22/03/2026 Books